| 000 | 01545cam a2200361 a 4500 | ||
|---|---|---|---|
| 001 | 13132004 | ||
| 003 | OSt | ||
| 005 | 20180117085953.0 | ||
| 008 | 030321s2003 enka b 001 0 eng | ||
| 010 | _a 2003046259 | ||
| 020 | _a0521831075 | ||
| 020 | _a0521538246 (pbk.) | ||
| 040 |
_aDLC _cDLC _dDLC |
||
| 050 | 0 | 0 |
_aBF698 _b.M3434 2003 |
| 082 | 0 | 0 |
_a155.2/3 _221 |
| 100 | 1 | _aMatthews, Gerald. | |
| 245 | 1 | 0 |
_aPersonality traits / _cGerald Matthews, Ian J. Deary, Martha C. Whiteman. |
| 250 | _a2nd ed. | ||
| 260 |
_aCambridge, U.K. ; _aNew York : _bCambridge University Press, _c2003. |
||
| 300 |
_axxiv, 493 p. : _bill. ; _c26 cm. |
||
| 504 | _aIncludes bibliographical references (p. 411-481) and indexes. | ||
| 650 | 0 | _aPersonality. | |
| 700 | 1 | _aDeary, Ian J. | |
| 700 | 1 | _aWhiteman, Martha C. | |
| 856 | 4 | 1 |
_3Sample text _uhttp://www.loc.gov/catdir/samples/cam041/2003046259.html |
| 856 | 4 | 2 |
_3Publisher description _uhttp://www.loc.gov/catdir/description/cam032/2003046259.html |
| 856 | 4 | 1 |
_3Table of contents _uhttp://www.loc.gov/catdir/toc/cam032/2003046259.html |
| 856 | 4 | 2 |
_3Contributor biographical information _uhttp://www.loc.gov/catdir/enhancements/fy0732/2003046259-b.html |
| 906 |
_a7 _bcbc _corignew _d1 _eocip _f20 _gy-gencatlg |
||
| 942 |
_2ddc _cBK |
||
| 999 |
_c2939 _d2939 |
||